Multiple Large Cities Countries - 2100 - Statistics

General Stats
  • This quiz has been taken 71 times
  • The average score is 9 of 15
Answer Stats
# Cities Country % Correct
6 New York, Los Angeles, Chicago, Miami, Philadelphia, Dallas-Fort Worth United States
100%
15 Mumbai, Delhi, Kolkata, Chennai, Bangalore, Hyderabad, Ahmedabad, Pune, Surat, Kanpur, Jaipur, Lucknow, Nagpur, Patna, Indore India
97%
2 São Paulo, Rio de Janeiro Brazil
91%
4 Karachi, Lahore, Faisalabad, Rawalpindi Pakistan
82%
10 Lagos, Kano, Ibadan, Abuja, Kaduna, Benin City, Port Harcourt, Ogbomosho, Maiduguri, Zaria Nigeria
81%
4 Cairo, Alexandria, Giza, Al Qalyubiyah Egypt
75%
2 Dhaka, Chittagong Bangladesh
70%
3 Kinshasa, Lubumbashi, Mbuji-Mayi Democratic Republic of the Congo
70%
2 Nairobi, Mombasa Kenya
67%
2 Ho Chi Minh City, Hanoi Vietnam
58%
2 Baghdad, Mosul Iraq
57%
2 Lilongwe, Blantyre Malawi
28%
3 Sana'a, Al Hubaydah, Taiz Yemen
16%
2 Dakar, Pikine Senegal
12%
2 Phnom Penh, Battambang Cambodia
10%
No matching quizzes found
Score Distribution
Percent of People with Each Score
Percentile by Number Answered
Your Score History
You have not taken this quiz